Countries Bordering the Arab League - Statistics

General Stats
  • This quiz has been taken 23 times
  • The average score is 11 of 13
Answer Stats
Countries % Correct
Turkey
100%
Iran
96%
Mali
96%
Chad
91%
Eritrea
91%
Israel
91%
Niger
91%
South Sudan
91%
Ethiopia
87%
Senegal
87%
Central African Republic
70%
Kenya
65%
Spain
65%
No matching quizzes found
Score Distribution
Percent of People with Each Score
Percentile by Number Answered
Your Score History
You have not taken this quiz